000 01064nam a2200277Ia 4500
003 OSt
005 20221005103657.0
006 a|||||r|||| 00| 0
007 ta
008 221004b |||||||| |||| 00| 0 hin d
020 _a9789386835291 (hbk)
_cINR 400.00
024 _a42811
037 _b306, 15/03/2019, Shivalik Prakashan
_cTextual
040 _aCRL
_cCRL
_bhin
041 _2hin
_ahin
082 _aO152,6M84:g, Q9
100 _aयायावर, भारत, ले.
245 0 _aमहावीर प्रसाद द्विवेदी
_b एक पुनर्पाठ
246 _aMahāvīr prasād dvivedī: ek punarpāṭha
260 _aदिल्ली
_bअनुज्ञा बुक्स भारत
_c2019
300 _a160पृ0
_ccm.
650 _a हिन्दी साहित्य
650 _aहिन्दी निबंध
942 _hO152,6M84:g, Q9
_cTEXL
_2cc
999 _c1010595
_d1010595